The four-color theorem : history, topological foundations, and idea of proof
Αποθηκεύτηκε σε:
| Κύριος συγγραφέας: | |
|---|---|
| Άλλοι συγγραφείς: | |
| Μορφή: | Βιβλίο |
| Γλώσσα: | English |
| Δημοσίευση: |
New York :
Springer,
c1998
|
| Ετικέτες: |
Προσθήκη ετικέτας
Δεν υπάρχουν, Καταχωρήστε ετικέτα πρώτοι!
|
MARC
| LEADER | 00000nam a2200000 i 4500 | ||
|---|---|---|---|
| 001 | 1/15427 | ||
| 008 | 010118s1998 eng d | ||
| 020 | |a 0-387-98497-6 | ||
| 035 | |l 10065404 | ||
| 040 | |a GR-MY-UA |b gre |e aacr | ||
| 041 | 0 | |a eng | |
| 082 | 0 | |a 511.5 | |
| 100 | 1 | |a Fritsch, Rudolf |d 1939- | |
| 245 | 1 | 4 | |a The four-color theorem : |b history, topological foundations, and idea of proof / |c Rudolf Fritsch, Gerda Fritsch ; translated by Julie Peschke |
| 260 | |a New York : |b Springer, |c c1998 | ||
| 300 | |a xvi, 260 p.; |b ill.; |c 25 cm. | ||
| 504 | |a Includes bibliographical references and index | ||
| 700 | 1 | |a Fritsch, Gerda. | |
| 852 | |a INST |b SAMOS |e 20010118 |h 511.5 FRI |p 005300022391 |q 005300022391 |t BK |y 0 | ||
| 901 | |a BIBL3-2001-1 | ||
| 909 | |a Σ |b 081537 | ||
| 922 | |a 3ΕΛΗ |b 200006 |c ΕΠΕΑΕΚ/ΜΑΘ |d ΠΑΠΑΣΩΤΗΡΙΟΥ | ||
| 970 | |a ΚΟΣΙΕΡΗΣ |b ΧΡΗΣΤΟΣ |z 2001/01/18 | ||